Barcelona isabelina y revolucionaria : (Record no. 106448)
[ view plain ]
| 000 -LEADER | |
|---|---|
| campo de control de longitud fija | 01217nam a2200301 i 4500 |
| 001 - NÚMERO DE CONTROL | |
| campo de control | 106448 |
| 003 - IDENTIFICADOR DE NÚMERO DE CONTROL | |
| campo de control | ES-MaACL |
| 005 - FECHA Y HORA DE LA ÚLTIMA TRANSACCIÓN | |
| campo de control | 20251107134601.0 |
| 007 - CAMPO FIJO DE DESCRIPCIÓN FÍSICA--INFORMACIÓN GENERAL | |
| campo de control de longitud fija | t| |
| 008 - DATOS DE LONGITUD FIJA--INFORMACIÓN GENERAL | |
| campo de control de longitud fija | 030902s1930 sp |||| |dspa d |
| 080 ## - NÚMERO DE LA CLASIFICACIÓN DECIMAL UNIVERSAL | |
| Número de la Clasificación Decimal Universal | 94(460.235 B.)"18" |
| 080 ## - NÚMERO DE LA CLASIFICACIÓN DECIMAL UNIVERSAL | |
| Número de la Clasificación Decimal Universal | 94(460)"1843/68" |
| 080 ## - NÚMERO DE LA CLASIFICACIÓN DECIMAL UNIVERSAL | |
| Número de la Clasificación Decimal Universal | 94(460)"1868/74" |
| 100 1# - ENTRADA PRINCIPAL--NOMBRE DE PERSONA | |
| Nombre de persona | Masriera, Arturo. |
| 9 (RLIN) | 78776 |
| 245 10 - MENCIÓN DEL TÍTULO | |
| Título | Barcelona isabelina y revolucionaria : |
| Resto del título | episodios, anéctodas [sic], recuerdos, documentos / |
| Mención de responsabilidad, etc. | Arturo Masriera. |
| 246 34 - FORMA VARIANTE DEL TITULO | |
| Título propio/Titulo breve | Barcelona isabelina y revolucionaria : |
| Resto del título | episodios, anécdotas, recuerdos, documentos |
| 260 ## - PUBLICACIÓN, DISTRIBUCIÓN, ETC. | |
| Lugar de publicación, distribución, etc. | Barcelona : |
| Nombre del editor, distribuidor, etc. | Políglota, |
| Fecha de publicación, distribución, etc. | 1930. |
| 300 ## - DESCRIPCIÓN FÍSICA | |
| Extensión | 465 p. ; |
| Dimensiones | 20 cm. |
| 504 ## - NOTA DE BIBLIOGRAFÍA, ETC. | |
| Nota de bibliografía, etc. | Bibliografía: p. [457]-462. |
| 530 ## - NOTA DISPONIBLE DE FORMULARIO FÍSICO ADICIONAL | |
| Nota de formato físico adicional disponible | Disponible en formato digital. |
| 651 #4 - PUNTO DE ACCESO ADICIONAL DE MATERIA--NOMBRE GEOGRÁFICO | |
| Nombre geográfico | Barcelona- |
| Subdivisión general | Historia- |
| Subdivisión cronológica | S.XIX. |
| 9 (RLIN) | 149268 |
| 651 #4 - PUNTO DE ACCESO ADICIONAL DE MATERIA--NOMBRE GEOGRÁFICO | |
| Nombre geográfico | España- |
| Subdivisión general | Historia- |
| Subdivisión geográfica | 1843-1868, Isabel II |
| 9 (RLIN) | 8256 |
| 651 #4 - PUNTO DE ACCESO ADICIONAL DE MATERIA--NOMBRE GEOGRÁFICO | |
| Nombre geográfico | España- |
| Subdivisión general | Historia- |
| Subdivisión cronológica | 1868-1874, Sexenio revolucionario |
| 9 (RLIN) | 8260 |
| 852 4# - LOCALIZACIÓN | |
| Ubicación | ES-MaACL |
| Número de control de estantería | L-31876 |
| Ubicación en estantería | Depósito 2 |
| Donativo/Legado | Donativo herederos de la biblioteca de Mª del Pilar Costa Palacín |
| 856 4# - LOCALIZACIÓN Y ACCESO ELECTRÓNICOS | |
| Identificador Uniforme de Recursos | <a href="http://bdh-rd.bne.es/viewer.vm?id=0000191748&page=1 ">http://bdh-rd.bne.es/viewer.vm?id=0000191748&page=1 </a> |
| Texto de enlace | (Biblioteca Digital Hispánica) |
| 942 ## - ELEMENTOS DE ENTRADA SECUNDARIOS (KOHA) | |
| Fuente del sistema de clasificación o colocación | Clasificación decimal universal |
| Estatus retirado | Estado de pérdida | Estado de daño | No para préstamo | Colección | Biblioteca de origen | Biblioteca actual | Ubicación en estantería | Fecha de adquisición | Fuente de adquisición | Total de préstamos | Signatura topográfica completa | Código de barras | Visto por última vez | Precio de reemplazo | Tipo de ítem Koha |
|---|---|---|---|---|---|---|---|---|---|---|---|---|---|---|---|
| Colección digital | Biblioteca del Ateneo de Madrid | Biblioteca del Ateneo de Madrid | Depósito 2 | 15/02/2018 | L-31876 | 1198377 | 23/02/2023 | 23/02/2023 | Libro impreso |
